日本の単位料金区域(MA)名 - Statistics

General Stats
  • This quiz has been taken 28 times
    20 since last reset
  • The average score is 309 of 581
Answer Stats
都道府県 市外局番 MA名 % Correct
北海道 011 札幌
93%
北海道 0138 函館
93%
北海道 0166 旭川
93%
北海道 0134 小樽
87%
北海道 0154 釧路
87%
秋田県 018 秋田
87%
山形県 023 山形
87%
福島県 024 福島
87%
北海道 0123 千歳
80%
北海道 0123 夕張
80%
北海道 0133 石狩
80%
北海道 0152 網走
80%
北海道 0153 根室
80%
北海道 0157 北見
80%
北海道 0162 稚内
80%
北海道 0164 留萌
80%
北海道 0167 富良野
80%
青森県 017 青森
80%
岩手県 019 盛岡
80%
宮城県 022 仙台
80%
福島県 0246 いわき
80%
茨城県 029 水戸
80%
栃木県 028 宇都宮
80%
群馬県 027 前橋
80%
群馬県 027 高崎
80%
埼玉県 048 浦和
80%
千葉県 043 千葉
80%
東京都 042 八王子
80%
愛知県 052 名古屋
80%
愛知県 0586 | 0587 一宮
80%
三重県 059
80%
北海道 0125 滝川
73%
北海道 0126 | 01267 岩見沢
73%
北海道 0137 | 01377 八雲
73%
北海道 0142 伊達
73%
北海道 0143 室蘭
73%
北海道 0144 苫小牧
73%
北海道 0155 帯広
73%
北海道 0158 遠軽
73%
青森県 0178 八戸
73%
岩手県 0191 一関
73%
宮城県 0225 石巻
73%
秋田県 0182 横手
73%
秋田県 0187 大曲
73%
山形県 0233 新庄
73%
山形県 0235 鶴岡
73%
山形県 0238 米沢
73%
福島県 024 郡山
73%
栃木県 0282 栃木
73%
栃木県 0285 小山
73%
埼玉県 04 所沢
73%
埼玉県 048 川口
73%
埼玉県 049 川越
73%
千葉県 0438 | 0439 木更津
73%
千葉県 047 船橋
73%
千葉県 0479 銚子
73%
東京都 03 東京
73%
神奈川県 044 川崎
73%
神奈川県 045 横浜
73%
神奈川県 046 横須賀
73%
新潟県 025 新潟
73%
富山県 076 富山
73%
富山県 0766 高岡
73%
石川県 076 金沢
73%
石川県 0767 七尾
73%
福井県 0770 敦賀
73%
福井県 0776 福井
73%
山梨県 055 甲府
73%
長野県 026 長野
73%
岐阜県 0575
73%
岐阜県 0577 高山
73%
岐阜県 058 岐阜
73%
静岡県 053 浜松
73%
静岡県 054 静岡
73%
静岡県 0545 富士
73%
静岡県 0557 伊東
73%
三重県 0596 伊勢
73%
京都府 075 京都
73%
北海道 0124 芦別
67%
北海道 0135 岩内
67%
北海道 0136 倶知安
67%
北海道 01374
67%
北海道 0139 松前
67%
北海道 01392 木古内
67%
北海道 01397 奥尻
67%
北海道 0152 斜里
67%
北海道 0153 中標津
67%
北海道 0158 紋別
67%
北海道 0164 羽幌
67%
北海道 0165 士別
67%
北海道 01654 | 01655 名寄
67%
青森県 0172 弘前
67%
青森県 0175 むつ
67%
岩手県 0193 宮古
67%
岩手県 0194 久慈
67%
岩手県 0195 二戸
67%
秋田県 0183 湯沢
67%
秋田県 0185 男鹿
67%
秋田県 0185 能代
67%
秋田県 0186 大館
67%
秋田県 0187 角館
67%
山形県 0234 酒田
67%
福島県 0242 会津若松
67%
茨城県 0280 古河
67%
群馬県 0270 伊勢崎
67%
群馬県 0274 富岡
67%
埼玉県 048 熊谷
67%
埼玉県 0480 久喜
67%
埼玉県 0494 秩父
67%
千葉県 04
67%
千葉県 047 市川
67%
千葉県 0470 館山
67%
千葉県 0476 成田
67%
東京都 042 立川
67%
東京都 04996 八丈島
67%
神奈川県 042 相模原
67%
神奈川県 0460 | 0465 小田原
67%
新潟県 025 糸魚川
67%
石川県 0767 羽咋
67%
山梨県 0553 山梨
67%
長野県 0263 松本
67%
長野県 0265 伊那
67%
長野県 0265 飯田
67%
長野県 0266 諏訪
67%
岐阜県 0572 多治見
67%
岐阜県 0573 中津川
67%
岐阜県 0575 郡上八幡
67%
岐阜県 0576 下呂
67%
静岡県 0538 磐田
67%
愛知県 0532 | 0533 豊橋
67%
愛知県 0564 岡崎
67%
愛知県 0565 豊田
67%
三重県 0597 | 05979 熊野
67%
滋賀県 077 大津
67%
京都府 0774 宇治
67%
大阪府 06 大阪
67%
兵庫県 078 神戸
67%
和歌山県 073 和歌山
67%
鳥取県 0858 倉吉
67%
島根県 0852 松江
67%
島根県 0853 出雲
67%
岡山県 086 倉敷
67%
岡山県 086 岡山
67%
広島県 082 広島
67%
山口県 0827 岩国
67%
山口県 083 下関
67%
山口県 083 | 08396 山口
67%
香川県 087 高松
67%
愛媛県 089 松山
67%
愛媛県 0898 今治
67%
高知県 088 高知
67%
福岡県 092 福岡
67%
福岡県 093 北九州
67%
福岡県 0942 久留米
67%
佐賀県 0952 佐賀
67%
佐賀県 0954 鹿島
67%
長崎県 095 長崎
67%
長崎県 0956 佐世保
67%
熊本県 096 熊本
67%
大分県 097 大分
67%
大分県 0979 中津
67%
宮崎県 0985 宮崎
67%
鹿児島県 099 鹿児島
67%
北海道 0123 栗山
60%
北海道 0135 余市
60%
北海道 0136 寿都
60%
北海道 0139 江差
60%
北海道 01466 えりも
60%
北海道 01632 天塩
60%
北海道 01658 上川
60%
青森県 0173 五所川原
60%
青森県 0176 十和田
60%
岩手県 0197 水沢
60%
岩手県 0197 北上
60%
宮城県 0224 白石
60%
宮城県 0226 気仙沼
60%
宮城県 0229 古川
60%
秋田県 0186 鹿角
60%
山形県 0237 寒河江
60%
福島県 0248 須賀川
60%
福島県 0248 白河
60%
茨城県 029 土浦
60%
茨城県 0291 鉾田
60%
茨城県 0294 常陸太田
60%
茨城県 0295 常陸大宮
60%
茨城県 0295 大子
60%
茨城県 0296 下館
60%
栃木県 0283 佐野
60%
栃木県 0284 足利
60%
栃木県 0287 黒磯
60%
栃木県 0287 大田原
60%
群馬県 0277 桐生
60%
群馬県 0278 沼田
60%
群馬県 0279 渋川
60%
埼玉県 048 草加
60%
千葉県 0475 東金
60%
東京都 0428 青梅
60%
東京都 04992 伊豆大島
60%
東京都 04998 小笠原
60%
神奈川県 0466 | 0467 藤沢
60%
新潟県 025 上越
60%
新潟県 025 十日町
60%
新潟県 0254 村上
60%
新潟県 0256 三条
60%
富山県 0765 魚津
60%
石川県 0761 小松
60%
石川県 0768 輪島
60%
福井県 0770 小浜
60%
福井県 0779 大野
60%
山梨県 0551 韮崎
60%
山梨県 0554 大月
60%
長野県 0267 小諸
60%
岐阜県 0573 恵那
60%
岐阜県 0584 大垣
60%
静岡県 0537 掛川
60%
静岡県 0544 富士宮
60%
静岡県 0547 島田
60%
静岡県 055 沼津
60%
愛知県 0531 田原
60%
愛知県 0536 新城
60%
愛知県 0561 瀬戸
60%
三重県 059 四日市
60%
三重県 0594 桑名
60%
三重県 0595 上野
60%
三重県 0599 鳥羽
60%
滋賀県 0749 彦根
60%
滋賀県 0749 長浜
60%
京都府 0771 亀岡
60%
京都府 0773 福知山
60%
京都府 0773 舞鶴
60%
大阪府 072
60%
大阪府 072 池田
60%
兵庫県 079 姫路
60%
兵庫県 079 加古川
60%
兵庫県 0796 豊岡
60%
兵庫県 0799 洲本
60%
奈良県 0742 | 0743 奈良
60%
奈良県 0746 吉野
60%
和歌山県 0735 新宮
60%
和歌山県 0739 田辺
60%
鳥取県 0857 鳥取
60%
鳥取県 0859 米子
60%
広島県 0829 廿日市
60%
広島県 084 福山
60%
山口県 0834 徳山
60%
山口県 0836 宇部
60%
山口県 0838
60%
徳島県 088 徳島
60%
香川県 0877 丸亀
60%
愛媛県 0894 宇和
60%
愛媛県 0895 宇和島
60%
福岡県 0948 飯塚
60%
佐賀県 0955 唐津
60%
佐賀県 0955 伊万里
60%
長崎県 0957 諫早
60%
長崎県 0957 島原
60%
熊本県 0965 八代
60%
熊本県 0966 人吉
60%
宮崎県 0982 延岡
60%
鹿児島県 0997 種子島
60%
沖縄県 098 那覇
60%
沖縄県 0980 名護
60%
北海道 0133 当別
53%
北海道 0146 浦河
53%
北海道 0146 静内
53%
北海道 015 弟子屈
53%
北海道 0153 厚岸
53%
北海道 01547 白糠
53%
北海道 01558 広尾
53%
北海道 01564 上士幌
53%
北海道 01634 | 01635 浜頓別
53%
北海道 01656 美深
53%
青森県 0174 蟹田
53%
青森県 0175 野辺地
53%
青森県 0179 三戸
53%
岩手県 0192 大船渡
53%
岩手県 0193 釜石
53%
岩手県 0195 岩手
53%
岩手県 0198 花巻
53%
宮城県 0223 岩沼
53%
宮城県 0224 大河原
53%
秋田県 0184 本荘
53%
秋田県 0186 鷹巣
53%
山形県 0237 村山
53%
山形県 0238 長井
53%
福島県 0241 喜多方
53%
福島県 0243 二本松
53%
福島県 0244 原町
53%
茨城県 0293 高萩
53%
茨城県 0296 笠間
53%
茨城県 0297 水海道
53%
茨城県 0299 石岡
53%
栃木県 0285 真岡
53%
栃木県 0288 今市
53%
群馬県 0274 藤岡
53%
群馬県 0276 太田
53%
埼玉県 042 飯能
53%
千葉県 04 鴨川
53%
千葉県 0436 市原
53%
千葉県 0475 茂原
53%
千葉県 0478 佐原
53%
東京都 042 国分寺
53%
東京都 04994 三宅
53%
神奈川県 046 厚木
53%
神奈川県 0463 平塚
53%
新潟県 0250 新津
53%
新潟県 0254 新発田
53%
新潟県 0257 柏崎
53%
新潟県 0258 長岡
53%
新潟県 0259 佐渡
53%
石川県 0761 加賀
53%
山梨県 0555 吉田
53%
山梨県 0556 身延
53%
長野県 0267 佐久
53%
長野県 0268 上田
53%
長野県 0269 飯山
53%
岐阜県 0574 美濃加茂
53%
静岡県 0550 御殿場
53%
静岡県 0558 下田
53%
愛知県 0563 西尾
53%
愛知県 0569 半田
53%
三重県 0595 亀山
53%
三重県 0597 尾鷲
53%
三重県 0598 松阪
53%
滋賀県 0748 八日市
53%
京都府 0772 宮津
53%
大阪府 072 茨木
53%
兵庫県 0791 相生
53%
兵庫県 0797 | 0798 西宮
53%
奈良県 0746 十津川
53%
奈良県 0747 五條
53%
島根県 0854 安来
53%
島根県 0855 浜田
53%
島根県 0855 江津
53%
岡山県 0868 津山
53%
広島県 082 東広島
53%
広島県 0823
53%
広島県 0824 三次
53%
広島県 084 | 0848 尾道
53%
広島県 0847 府中
53%
山口県 0837 長門
53%
徳島県 0884 阿南
53%
愛媛県 0897 新居浜
53%
高知県 0887 室戸
53%
高知県 0887 安芸
53%
長崎県 0920 厳原
53%
長崎県 0950 平戸
53%
熊本県 0968 玉名
53%
熊本県 0969 天草
53%
大分県 0973 日田
53%
大分県 0977 別府
53%
宮崎県 0982 高千穂
53%
宮崎県 0984 小林
53%
宮崎県 0986 都城
53%
鹿児島県 099 志布志
53%
鹿児島県 0993 指宿
53%
鹿児島県 0994 鹿屋
53%
鹿児島県 0997 屋久島
53%
北海道 0145 鵡川
47%
北海道 0156 本別
47%
北海道 0158 興部
47%
北海道 01586 | 01587 中湧別
47%
北海道 0163 利尻礼文
47%
青森県 0173 鰺ヶ沢
47%
岩手県 0194 岩泉
47%
岩手県 0198 遠野
47%
宮城県 0228 築館
47%
福島県 0241 田島
47%
福島県 0247 石川
47%
茨城県 0299 潮来
47%
栃木県 0287 烏山
47%
栃木県 0289 鹿沼
47%
群馬県 0279 長野原
47%
埼玉県 0493 東松山
47%
埼玉県 0495 本庄
47%
新潟県 025 六日町
47%
新潟県 025 小出
47%
福井県 0778 武生
47%
長野県 0261 大町
47%
岐阜県 0578 神岡
47%
愛知県 0566 刈谷
47%
愛知県 0567 津島
47%
愛知県 0568 春日井
47%
京都府 0771 園部
47%
大阪府 072 寝屋川
47%
大阪府 072 八尾
47%
大阪府 0725 和泉
47%
島根県 0856 津和野
47%
岡山県 0866 高梁
47%
岡山県 0867 新見
47%
広島県 0824 庄原
47%
広島県 0845 因島
47%
山口県 0820 柳井
47%
香川県 0875 観音寺
47%
愛媛県 0894 八幡浜
47%
高知県 0880 宿毛
47%
高知県 0880 土佐清水
47%
福岡県 0930 行橋
47%
長崎県 0959 福江
47%
大分県 0972 佐伯
47%
大分県 0972 臼杵
47%
大分県 0974 竹田
47%
宮崎県 0987 日南
47%
鹿児島県 0996 出水
47%
鹿児島県 0996 川内
47%
鹿児島県 0997 名瀬
47%
沖縄県 0980 八重山
47%
沖縄県 09802 南大東
47%
北海道 0137 今金
40%
北海道 01372 鹿部
40%
北海道 0152 美幌
40%
北海道 01648 焼尻
40%
宮城県 0220
40%
福島県 0247 三春
40%
千葉県 0479 八日市場
40%
新潟県 0255 新井
40%
新潟県 0256
40%
富山県 0763 福野
40%
長野県 0269 中野
40%
大阪府 072 岸和田貝塚
40%
大阪府 0721 富田林
40%
兵庫県 0794 三木
40%
兵庫県 0796 浜坂
40%
奈良県 0744 | 0745 大和高田
40%
奈良県 07468 上北山
40%
和歌山県 0735 串本
40%
和歌山県 0738 御坊
40%
島根県 0854 木次
40%
島根県 0856 益田
40%
岡山県 0865 笠岡
40%
岡山県 0868 美作
40%
山口県 0835 防府
40%
徳島県 0884 牟岐
40%
香川県 0879 土庄
40%
愛媛県 0893 大洲
40%
愛媛県 0897 伯方
40%
高知県 0880 窪川
40%
高知県 0889 須崎
40%
福岡県 0947 田川
40%
佐賀県 0954 武雄
40%
熊本県 0966 水俣
40%
大分県 0978 国東
40%
大分県 0978 杵築
40%
鹿児島県 0993 加世田
40%
鹿児島県 0995 加治木
40%
北海道 01398 熊石
33%
北海道 0145 早来
33%
北海道 015 十勝池田
33%
北海道 0153 根室標津
33%
北海道 0156 十勝清水
33%
北海道 0163 北見枝幸
33%
北海道 0164 石狩深川
33%
福島県 0240 磐城富岡
33%
福島県 0241 柳津
33%
千葉県 0470 大原
33%
東京都 042 | 0422 武蔵野三鷹
33%
石川県 0768 能都
33%
山梨県 0556 鰍沢青柳
33%
長野県 0264 木曾福島
33%
静岡県 0539 天竜
33%
静岡県 0548 榛原
33%
愛知県 0536 設楽
33%
愛知県 0562 尾張横須賀
33%
滋賀県 0740 今津
33%
兵庫県 079 三田
33%
兵庫県 079 八鹿
33%
兵庫県 0790 播磨山崎
33%
兵庫県 0790 福崎
33%
兵庫県 0791 竜野
33%
兵庫県 0799 津名
33%
奈良県 0745 大和榛原
33%
和歌山県 0736 岩出
33%
和歌山県 0736 和歌山橋本
33%
和歌山県 0737 湯浅
33%
鳥取県 0858 郡家
33%
岡山県 0863 玉野
33%
岡山県 0866 井原
33%
岡山県 0866 総社
33%
岡山県 0869 備前
33%
広島県 0847 | 08477 東城
33%
山口県 0833 下松
33%
山口県 0837 美祢
33%
徳島県 0883 阿波池田
33%
徳島県 0885 小松島
33%
香川県 0879 三本松
33%
愛媛県 0892 久万
33%
愛媛県 0896 伊予三島
33%
高知県 0880 土佐中村
33%
高知県 0889 佐川
33%
福岡県 092 前原
33%
福岡県 0940 宗像
33%
福岡県 0943 八女
33%
福岡県 0943 田主丸
33%
福岡県 0944 瀬高
33%
福岡県 0949 直方
33%
熊本県 0964 松橋
33%
熊本県 0967 高森
33%
熊本県 0968 山鹿
33%
宮崎県 0982 日向
33%
宮崎県 0983 高鍋
33%
鹿児島県 0997 徳之島
33%
北海道 01456 | 01457 門別富川
27%
茨城県 0297 竜ケ崎
27%
新潟県 025 安塚
27%
新潟県 0254 津川
27%
長野県 0260 阿南町
27%
岐阜県 0574 美濃白川
27%
岐阜県 05769 荘川
27%
岐阜県 0585 揖斐川
27%
静岡県 0558 修善寺大仁
27%
三重県 0598 三瀬谷
27%
滋賀県 0748 水口
27%
兵庫県 0795 西脇
27%
兵庫県 0795 丹波柏原
27%
奈良県 0747 下市
27%
鳥取県 0859 根雨
27%
島根県 08512 西郷
27%
島根県 0854 石見大田
27%
岡山県 086 赤磐
27%
岡山県 0867 久世
27%
広島県 0826 千代田
27%
広島県 0846 竹原
27%
山口県 08387 | 08388 田万川
27%
徳島県 0883 脇町
27%
徳島県 0883 鴨島
27%
高知県 0887 嶺北
27%
高知県 0887 土佐山田
27%
長崎県 0920 郷ノ浦
27%
長崎県 0920 対馬佐賀
27%
大分県 0973 玖珠
27%
大分県 0974 三重
27%
大分県 0978 豊後高田
27%
鹿児島県 09912 中之島
27%
鹿児島県 09913 硫黄島
27%
鹿児島県 0994 大根占
27%
鹿児島県 0997 瀬戸内
27%
沖縄県 0980 沖縄宮古
27%
福島県 0241 会津山口
20%
岐阜県 0581 高富
20%
三重県 0599 阿児
20%
京都府 0772 峰山
20%
島根県 08514 海士
20%
島根県 0854 掛合
20%
島根県 0855 川本
20%
岡山県 0865 鴨方
20%
岡山県 0867 加茂川
20%
広島県 0826 安芸吉田
20%
広島県 0826 加計
20%
山口県 0820 久賀
20%
徳島県 0884 丹生谷
20%
福岡県 0946 甘木
20%
長崎県 0959 大瀬戸
20%
熊本県 0967 熊本一の宮
20%
鹿児島県 0995 大口
20%
岡山県 0869 邑久
13%
広島県 0846 木江
13%
愛媛県 0895 御荘
13%
長崎県 0959 有川
13%
鹿児島県 09969 中甑
13%
広島県 0847 甲山
7%
熊本県 0967 矢部
7%
No matching quizzes found
Score Distribution
Percent of People with Each Score
Percentile by Number Answered
Your Score History
You have not taken this quiz since the last reset